[Event "National interclub championship"]
[Site "Antwerp"]
[Date "1997.10.19"]
[Round "2"]
[White "Knoppert, Erik"]
[Black "Bolzoni, Victor-Angel"]
[Result "1/2-1/2"]
[WhiteElo "2385"]
[BlackElo "2250"]
[Board "1"]
[WhiteTeam "K Antwerp SK"]
[BlackTeam "CRÉ Brussels"]
[WhiteTitle "FM"]
[BlackTitle "FM"]
[PlyCount "85"]
[EventDate "1997.10.05"]
[Source "BelgaBase"]

1. c4 Nf6 2. Nc3 d5 3. cxd5 Nxd5 4. g3 g6 5. Bg2 Nb6 6. h4 h5 7. d3 Bg7 8. Nf3
Bd7 9. O-O Bc6 10. Bg5 N8d7 11. Rc1 Nc5 12. Qc2 Ne6 13. Bd2 Bxf3 14. exf3 Nd4
15. Qd1 c6 16. Re1 Nf5 17. b3 Qxd3 18. Ne4 Rd8 19. Bf1 Qd7 20. Kg2 O-O 21. Ba5
Qxd1 22. Rexd1 Rxd1 23. Rxd1 Nd5 24. Bd2 Rd8 25. Rc1 Bd4 26. a4 Nd6 27. b4 Nxe4
28. fxe4 Nf6 29. f3 Ne8 30. Rc2 e5 31. b5 c5 32. Bc4 Kg7 33. Kf1 Rd7 34. Ke2
Nd6 35. Bd5 f5 36. Bg5 fxe4 37. fxe4 Nf7 38. Bc1 Nh6 39. Bxh6+ Kxh6 40. Rc1 Kg7
41. a5 b6 42. a6 Rd6 43. Rf1 1/2-1/2

[Event "National interclub championship"]
[Site "Antwerp"]
[Date "1997.10.19"]
[Round "2"]
[White "van Gaalen, Bas"]
[Black "Kerkhof, Philippe"]
[Result "1-0"]
[WhiteElo "2355"]
[BlackElo "2240"]
[Board "3"]
[WhiteTeam "K Antwerp SK"]
[BlackTeam "CRÉ Brussels"]
[PlyCount "69"]
[EventDate "1997.10.05"]
[Source "BelgaBase"]

1. d4 Nf6 2. c4 c5 3. d5 b5 4. Nf3 g6 5. cxb5 a6 6. Nc3 axb5 7. e4 b4 8. e5
bxc3 9. exf6 Qa5 10. bxc3 Qxc3+ 11. Bd2 Qxf6 12. Rc1 Bg7 13. Bc4 O-O 14. O-O
Ba6 15. Re1 Bxc4 16. Rxc4 Rxa2 17. Rxc5 Qd6 18. Rb5 Na6 19. Ba5 Rc8 20. Qd3 Bf6
21. Rf1 Nc7 22. Bxc7 Qxc7 23. d6 Qxd6 24. Rd5 Qb6 25. Nd4 Bxd4 26. Rxd4 d6 27.
Rf4 Qa6 28. Qb1 Ra8 29. Rb4 Kg7 30. Rc1 Ra4 31. Qb2+ e5 32. Re1 Rxb4 33. Qxb4
Qa2 34. Qe4 f5 35. Qb7+ 1-0

[Event "National interclub championship"]
[Site "Antwerp"]
[Date "1997.10.19"]
[Round "2"]
[White "Docx, Stefan"]
[Black "Luminet, Denis"]
[Result "1-0"]
[WhiteElo "2265"]
[BlackElo "2285"]
[Board "5"]
[WhiteTeam "K Antwerp SK"]
[BlackTeam "CRÉ Brussels"]
[WhiteTitle "FM"]
[PlyCount "55"]
[EventDate "1997.10.05"]
[Source "BelgaBase"]

1. e4 e6 2. d4 d5 3. Nc3 Bb4 4. exd5 exd5 5. Bd3 c5 6. dxc5 Nc6 7. a3 Bxc5 8.
Nf3 Nge7 9. h3 O-O 10. O-O h6 11. Re1 Be6 12. b4 Bb6 13. Bb2 Rc8 14. Na4 Nf5
15. Qd2 a6 16. Nxb6 Qxb6 17. Qf4 Nce7 18. Nh4 Nxh4 19. Qxh4 Nc6 20. Qg3 d4 21.
Bc1 Kh8 22. Rxe6 fxe6 23. Qg6 Kg8 24. Qxe6+ Kh8 25. Qg6 Kg8 26. Bxh6 Qc7 27.
Qh7+ Kf7 28. Qxg7+ 1-0

[Event "National interclub championship"]
[Site "Brussels"]
[Date "1997.10.19"]
[Round "2"]
[White "Barsov, Alexei"]
[Black "de Waal, Mark"]
[Result "0-1"]
[Board "1"]
[WhiteTeam "CC Anderlecht"]
[BlackTeam "Jean Jaurès Ghent"]
[WhiteTitle "IM"]
[WhiteElo "2445"]
[BlackElo "2255"]
[PlyCount "80"]
[EventDate "1997.10.05"]
[Source "BelgaBase"]

1. d4 Nf6 2. c4 e6 3. Nc3 d5 4. cxd5 exd5 5. Bg5 c6 6. Qc2 Nbd7 7. e3 Bd6 8.
Bd3 Nf8 9. Nge2 Ng6 10. Ng3 Be7 11. O-O-O O-O 12. h4 Re8 13. h5 Nf8 14. h6 g6
15. Kb1 a5 16. f3 Ne6 17. Bxf6 Bxf6 18. f4 Nf8 19. Qf2 Bg4 20. Be2 Bxe2 21.
Ngxe2 Qe7 22. Rh3 b5 23. Nc1 a4 24. Nd3 b4 25. Ne2 a3 26. b3 Qe4 27. Qf3 Qe7
28. g4 Ne6 29. Rg3 c5 30. dxc5 Rac8 31. g5 Bh8 32. f5 Nxg5 33. Qxd5 Red8 34.
Qc4 Qf6 35. Kc2 Qxf5 36. Qxb4 Ne4 37. Nd4 Bxd4 38. exd4 Nxg3 39. Qe1 Ne4 40.
Qe3 Re8 0-1

[Event "National interclub championship"]
[Site "Brussels"]
[Date "1997.10.19"]
[Round "2"]
[White "Mohandesi, Shahin"]
[Black "Krijgelmans, Johan"]
[Result "1/2-1/2"]
[WhiteElo "2285"]
[BlackElo "2270"]
[Board "3"]
[WhiteTeam "CC Anderlecht"]
[BlackTeam "Jean Jaurès Ghent"]
[WhiteTitle "FM"]
[PlyCount "120"]
[EventDate "1997.10.05"]
[Source "BelgaBase"]

1. Nf3 d5 2. c4 d4 3. e3 Nc6 4. b4 Bg4 5. Qa4 dxe3 6. fxe3 Bxf3 7. gxf3 e6 8.
Bb2 Qh4+ 9. Kd1 Qf2 10. Be2 Qg2 11. Rf1 Bxb4 12. Ba3 Bxa3 13. Nxa3 Nge7 14. Rb1
Rb8 15. d4 O-O 16. Kd2 Nf5 17. Nc2 Nh4 18. Qb5 g6 19. f4 a6 20. Qg5 Qxg5 21.
fxg5 e5 22. Bd3 Rfd8 23. Kc3 Rd7 24. Be4 exd4+ 25. exd4 Rbd8 26. Rf4 Nf5 27.
Bxf5 gxf5 28. Rxb7 Ne7 29. Ra7 c5 30. Rxa6 cxd4+ 31. Rxd4 Ng6 32. Rxd7 Rxd7 33.
Ne3 f4 34. Ra8+ Nf8 35. Nd5 Kg7 36. Nxf4 Rd1 37. Nh5+ Kg8 38. h4 Rh1 39. Nf6+
Kg7 40. h5 Rc1+ 41. Kb2 Rxc4 42. h6+ Kg6 43. Rxf8 Kxg5 44. Nxh7+ Kg6 45. Nf6
Kxh6 46. Rxf7 Kg6 47. Rf8 Kg7 48. Nd7 Rd4 49. Rd8 Rd5 50. a4 Kf7 51. Rh8 Rxd7
52. Kb3 Ke7 53. Kb4 Kd6 54. Rc8 Rc7 55. Rb8 Kc6 56. Rb5 Rb7 57. Ka5 Ra7+ 58.
Kb4 Rb7 59. Kc4 Rxb5 60. axb5+ Kb6 1/2-1/2

[Event "National interclub championship"]
[Site "Brussels"]
[Date "1997.10.19"]
[Round "2"]
[White "de Wolf, Johan"]
[Black "Tondivar, Babak"]
[Result "0-1"]
[WhiteElo "2180"]
[BlackElo "2315"]
[Board "4"]
[WhiteTeam "Jean Jaurès Ghent"]
[BlackTeam "CC Anderlecht"]
[BlackTitle "FM"]
[PlyCount "74"]
[EventDate "1997.10.05"]
[Source "BelgaBase"]

1. d4 e6 2. g3 Nf6 3. Bg2 d5 4. c4 dxc4 5. Nf3 a6 6. O-O b5 7. Ne5 Nd5 8. e4
Nf6 9. Be3 Bb7 10. Nd2 Nbd7 11. f4 Bb4 12. Qe2 O-O 13. Rad1 Qe7 14. g4 Nxe5 15.
fxe5 Nd7 16. Bf4 f6 17. exf6 Nxf6 18. g5 Nd7 19. g6 hxg6 20. Bxc7 Nc5 21. Rxf8+
Rxf8 22. Bg3 Nd3 23. Nf3 Bd6 24. e5 Bb8 25. b3 Ba7 26. bxc4 bxc4 27. Rxd3 cxd3
28. Qxd3 Bd5 29. a3 Qb7 30. Ne1 Bxg2 31. Nxg2 Qf3 32. Ne3 Rd8 33. Qxa6 Qxe3+
34. Bf2 Qg5+ 35. Kh1 Qf5 36. Qa5 Qe4+ 37. Kg1 Rb8 0-1

[Event "National interclub championship"]
[Site "Brussels"]
[Date "1997.10.19"]
[Round "2"]
[White "Tonoli, Walter"]
[Black "Riemens, Albert"]
[Result "1-0"]
[WhiteElo "2240"]
[BlackElo "2185"]
[Board "5"]
[WhiteTeam "CC Anderlecht"]
[BlackTeam "Jean Jaurès Ghent"]
[WhiteTitle "FM"]
[PlyCount "109"]
[EventDate "1997.10.05"]
[Source "BelgaBase"]

1. c4 Nf6 2. g3 e5 3. Bg2 Nc6 4. Nc3 Bc5 5. e3 O-O 6. Nge2 Re8 7. O-O e4 8. Nf4
d6 9. Nfd5 Bf5 10. f3 exf3 11. Nxf6+ Qxf6 12. Qxf3 Bd3 13. Qxf6 gxf6 14. Rf4
Bb6 15. Nd5 Re6 16. Nxf6+ Kg7 17. Nh5+ Kf8 18. b3 Ba5 19. Rf2 Ne5 20. Nf4 Re7
21. Bb2 Ng4 22. Nxd3 Nxf2 23. Kxf2 Bxd2 24. e4 Rae8 25. Bf3 a6 26. Rd1 Bh6 27.
Nf4 Bg7 28. Bxg7+ Kxg7 29. Nd5 Rd7 30. Bg4 Rdd8 31. Bf5 c6 32. Nf4 Re5 33. Kf3
b5 34. Nd3 Ree8 35. cxb5 axb5 36. Nb4 c5 37. Nc6 Ra8 38. Rxd6 Rxa2 39. Rd3 Rxh2
40. Rc3 c4 41. bxc4 bxc4 42. Rxc4 Ra2 43. e5 Ra3+ 44. Kf4 Rd8 45. Bc2 Ra1 46.
Nd4 Rf1+ 47. Kg4 Re1 48. Nf5+ Kh8 49. Be4 Rb8 50. Kg5 Rf1 51. Kf6 Kg8 52. Ke7
Rf2 53. Nd6 Kg7 54. Bd5 f5 55. Rf4 1-0

[Event "National interclub championship"]
[Site "Brussels"]
[Date "1997.10.19"]
[Round "2"]
[White "Faybish, Nimrod"]
[Black "van Beek, Lucien"]
[Result "0-1"]
[WhiteElo "2190"]
[BlackElo "2215"]
[Board "7"]
[WhiteTeam "CC Anderlecht"]
[BlackTeam "Jean Jaurès Ghent"]
[PlyCount "58"]
[EventDate "1997.10.05"]
[Source "BelgaBase"]

1. e4 c5 2. Nf3 e6 3. d4 cxd4 4. Nxd4 Nf6 5. Nc3 d6 6. Be2 Be7 7. O-O O-O 8.
Be3 Nc6 9. f4 e5 10. Nf5 Bxf5 11. exf5 exf4 12. Rxf4 d5 13. Nb5 Re8 14. Qd3 a6
15. Nd4 Bd6 16. Nxc6 bxc6 17. Rh4 Qe7 18. Rh3 d4 19. Qxd4 Nd5 20. f6 Qxf6 21.
Qd3 g6 22. Bd2 Bc5+ 23. Kh1 Qf2 24. Bf3 Nf4 25. Qc3 Nxh3 26. gxh3 Re3 27. Qxc5
Qxf3+ 28. Kg1 Re2 29. Qg5 Qf2+ 0-1

[Event "National interclub championship"]
[Site "Brussels"]
[Date "1997.10.19"]
[Round "2"]
[White "Bauer, Christian"]
[Black "Lemmers, Oscar"]
[Result "1-0"]
[WhiteElo "2525"]
[BlackElo "2355"]
[Board "1"]
[WhiteTeam "La Tour d'Ans-Loncin"]
[BlackTeam "K Ghent S Ruy Lopez"]
[WhiteTitle "IM"]
[BlackTitle "FM"]
[PlyCount "133"]
[EventDate "1997.10.05"]
[Source "BelgaBase"]

1. e4 g6 2. d4 d6 3. Nc3 c6 4. Bc4 Bg7 5. Qf3 e6 6. Nge2 Nd7 7. Bb3 Qe7 8. O-O
e5 9. Bg5 Ngf6 10. Rad1 h6 11. Bc1 O-O 12. Rfe1 a6 13. Qg3 Kh8 14. Qh4 Ng8 15.
Qxe7 Nxe7 16. dxe5 dxe5 17. Be3 Ng8 18. Na4 Ngf6 19. f3 Kg8 20. Rd6 Re8 21. Nb6
Nxb6 22. Bxb6 Nd7 23. Be3 Nf8 24. Nc3 Ne6 25. Na4 Bf8 26. Rd2 Rb8 27. Nb6 Nc5
28. Red1 Kg7 29. Kf1 Nxb3 30. axb3 Be6 31. Nd7 Bxd7 32. Rxd7 Re7 33. Bb6 Rbe8
34. Ke2 Rxd7 35. Rxd7 Re7 36. Rd8 Re6 37. Rb8 c5 38. Rxb7 Rc6 39. Ba5 Kf6 40.
Rb6 Rxb6 41. Bxb6 Ke6 42. Kd3 Kd6 43. Kc4 Kc6 44. Ba5 Bd6 45. Bd2 h5 46. Bg5
Bf8 47. h3 Bd6 48. Bf6 Bc7 49. Be7 Bb6 50. g4 Ba7 51. Bf6 Bb8 52. b4 cxb4 53.
Kxb4 Bd6+ 54. Ka5 Kb7 55. b4 Bc7+ 56. Ka4 Kc6 57. c4 Kd6 58. Bh4 hxg4 59. hxg4
Ke6 60. b5 axb5+ 61. Kxb5 Kd6 62. c5+ Kd7 63. c6+ Kd6 64. Bf2 Bb8 65. Bb6 g5
66. Bd8 Ba7 67. Ka6 1-0

[Event "National interclub championship"]
[Site "Brussels"]
[Date "1997.10.19"]
[Round "2"]
[White "Hoogendoorn, Joost"]
[Black "Hauchard, Arnaud"]
[Result "1-0"]
[WhiteElo "2320"]
[BlackElo "2485"]
[Board "2"]
[WhiteTeam "K Ghent S Ruy Lopez"]
[BlackTeam "La Tour d'Ans-Loncin"]
[WhiteTitle "FM"]
[BlackTitle "IM"]
[PlyCount "67"]
[EventDate "1997.10.05"]
[Source "BelgaBase"]

1. g3 d5 2. Bg2 e5 3. c3 c6 4. d4 Nd7 5. Nh3 Ngf6 6. O-O Bd6 7. f3 O-O 8. Nf2
Re8 9. e4 dxe4 10. fxe4 Nf8 11. Nd2 Ng6 12. Nc4 Bc7 13. Bg5 h6 14. Bxf6 Qxf6
15. d5 Rd8 16. Qe2 Qg5 17. Kh1 h5 18. Qf3 h4 19. Nh3 Qe7 20. Rad1 cxd5 21. exd5
e4 22. Qh5 e3 23. Rd4 e2 24. Re1 Bxh3 25. Bxh3 hxg3 26. Rxe2 Qf6 27. Bf5 gxh2
28. Rd3 Nf8 29. d6 Bxd6 30. Nxd6 Rxd6 31. Rxh2 Ng6 32. Rdh3 Kf8 33. Re2 Rad8
34. Qh8+ 1-0

[Event "National interclub championship"]
[Site "Brussels"]
[Date "1997.10.19"]
[Round "2"]
[White "Cekro, Ekrem"]
[Black "de Wit, Dick"]
[Result "1-0"]
[WhiteElo "2385"]
[BlackElo "2335"]
[Board "3"]
[WhiteTeam "La Tour d'Ans-Loncin"]
[BlackTeam "K Ghent S Ruy Lopez"]
[WhiteTitle "IM"]
[PlyCount "61"]
[EventDate "1997.10.05"]
[Source "BelgaBase"]

1. c4 Nf6 2. g3 g6 3. Bg2 Bg7 4. Nc3 O-O 5. e3 d6 6. Nge2 Nc6 7. O-O e5 8. d4
Nh5 9. b3 Bd7 10. dxe5 dxe5 11. Ba3 Re8 12. Qc2 Bf5 13. Ne4 Nf6 14. Rad1 Qc8
15. N2c3 a5 16. Rd2 Nxe4 17. Nxe4 Nb4 18. Qc3 Bxe4 19. Bxe4 f5 20. Bd5+ Kh8 21.
Bxb4 e4 22. Bxa5 b6 23. Bxa8 Bxc3 24. Bxc3+ Kg8 25. Bc6 Rd8 26. Rfd1 Rd6 27.
Rxd6 cxd6 28. Rxd6 Qc7 29. Bd5+ Kf8 30. Be5 Qe7 31. Rf6+ 1-0

[Event "National interclub championship"]
[Site "Brussels"]
[Date "1997.10.19"]
[Round "2"]
[White "Philippe, Christophe"]
[Black "Goormachtigh, Johan"]
[Result "1-0"]
[WhiteElo "2235"]
[BlackElo "2305"]
[Board "5"]
[WhiteTeam "La Tour d'Ans-Loncin"]
[BlackTeam "K Ghent S Ruy Lopez"]
[BlackTitle "FM"]
[PlyCount "87"]
[EventDate "1997.10.05"]
[Source "BelgaBase"]

1. e4 e6 2. d4 d5 3. Nc3 Nf6 4. Bg5 Be7 5. e5 Nfd7 6. Bxe7 Qxe7 7. f4 O-O 8.
Nf3 c5 9. Qd2 Nc6 10. O-O-O Nxd4 11. Nxd4 cxd4 12. Qxd4 Qc5 13. Nb5 b6 14. g3
Bb7 15. Nd6 Rab8 16. Bb5 Rfd8 17. Rhe1 Nf8 18. Re3 Qxd4 19. Rxd4 f6 20. Rc3 a6
21. Be2 Rd7 22. Bg4 Re7 23. Rb4 b5 24. a4 fxe5 25. fxe5 Ng6 26. Re3 Bc6 27.
axb5 axb5 28. h4 Ra8 29. h5 Nf8 30. Rc3 Ra6 31. Be2 h6 32. Bxb5 Bxb5 33. Rxb5
Ra8 34. Rb6 g6 35. g4 gxh5 36. gxh5 Nh7 37. Rcb3 Ng5 38. Rb8+ Rxb8 39. Rxb8+
Kh7 40. Rf8 Ra7 41. b4 Ra4 42. b5 Ne4 43. b6 Rb4 44. b7 1-0

[Event "National interclub championship"]
[Site "Eupen"]
[Date "1997.10.19"]
[Round "2"]
[White "Chuchelov, Vladimir"]
[Black "Lazarev, Vladimir"]
[Result "1-0"]
[WhiteElo "2540"]
[BlackElo "2500"]
[Board "1"]
[WhiteTeam "SK Rochade Eupen"]
[BlackTeam "SK Eupen '47"]
[WhiteTitle "GM"]
[BlackTitle "IM"]
[PlyCount "113"]
[EventDate "1997.10.05"]
[Source "BelgaBase"]

1. c4 c5 2. Nf3 Nc6 3. d4 cxd4 4. Nxd4 Nf6 5. Nc3 e6 6. a3 Bc5 7. Nb3 Be7 8. e4
d6 9. Be2 b6 10. O-O O-O 11. Be3 Ba6 12. Nd4 Nxd4 13. Bxd4 Qc7 14. Rc1 Rfd8 15.
f3 Nd7 16. Be3 Rac8 17. Kh1 Qb8 18. Qa4 Bb7 19. Rfd1 a6 20. Rd2 Bf6 21. Qd1 Be5
22. Bf1 h6 23. Ne2 Bc6 24. b4 Nf8 25. Nd4 Ba8 26. Nb3 g5 27. Qe1 d5 28. exd5
exd5 29. Bxb6 Re8 30. Re2 Bxh2 31. Bf2 Rxe2 32. Bxe2 Bf4 33. Rc2 dxc4 34. Bxc4
Bd5 35. Nc5 Bxc4 36. Rxc4 Qb5 37. Re4 Qc6 38. Qe2 Qg6 39. g3 Bd6 40. Qxa6 Rc7
41. Kg2 Kh7 42. Re8 Bxc5 43. Qxg6+ Kxg6 44. Bxc5 Ne6 45. Bf2 Rc2 46. b5 Rb2 47.
b6 Nc5 48. Kf1 Nd7 49. Rd8 Ne5 50. Bd4 Rb1+ 51. Ke2 Nc4 52. a4 h5 53. Kd3 Na5
54. Rd6+ Kh7 55. Rd7 Kg8 56. Rd5 Nc6 57. Rxg5+ 1-0

[Event "National interclub championship"]
[Site "Eupen"]
[Date "1997.10.19"]
[Round "2"]
[White "Schebler, Gerhard"]
[Black "Schneider, Bernd"]
[Result "0-1"]
[WhiteElo "2440"]
[BlackElo "2400"]
[Board "2"]
[WhiteTeam "IM"]
[BlackTeam "IM"]
[WhiteTitle "SK Eupen '47"]
[BlackTitle "SK Rochade Eupen"]
[PlyCount "38"]
[EventDate "1997.10.05"]
[Source "BelgaBase"]

1. d4 g6 2. c4 Bg7 3. e4 d6 4. Nc3 e5 5. dxe5 dxe5 6. Qxd8+ Kxd8 7. f4 Nc6 8.
Nf3 Nd4 9. Bd3 Nxf3+ 10. gxf3 c6 11. fxe5 Bxe5 12. Be3 Kc7 13. O-O Bh3 14. Rfd1
Nf6 15. f4 Ng4 16. Bc5 Bxf4 17. Bf1 Bxh2+ 18. Kh1 Bxf1 19. Rxf1 f6 0-1

[Event "National interclub championship"]
[Site "Eupen"]
[Date "1997.10.19"]
[Round "2"]
[White "Röder, Mathias"]
[Black "Kern, Guido"]
[Result "1-0"]
[WhiteElo "2435"]
[BlackElo "2415"]
[Board "3"]
[WhiteTeam "SK Rochade Eupen"]
[BlackTeam "SK Eupen '47"]
[WhiteTitle "IM"]
[BlackTitle "IM"]
[PlyCount "69"]
[EventDate "1997.10.05"]
[Source "BelgaBase"]

1. Nf3 c5 2. c4 g6 3. e4 Bg7 4. d4 Qa5+ 5. Nc3 Nf6 6. Bd2 cxd4 7. Nxd4 Nc6 8.
Nb3 Qd8 9. Be2 d6 10. Be3 O-O 11. O-O a5 12. Qd2 a4 13. Nd4 Qa5 14. Ndb5 a3 15.
b3 Bd7 16. Rab1 Nb4 17. f3 Bxb5 18. cxb5 Rfc8 19. Rfc1 Nd7 20. Nd5 Rxc1+ 21.
Rxc1 Nxd5 22. Qxa5 Rxa5 23. Rc8+ Bf8 24. exd5 b6 25. Rc7 Nf6 26. Bxb6 Ra8 27.
Bc4 e6 28. dxe6 d5 29. exf7+ Kg7 30. Bd3 Bd6 31. Rc6 Be5 32. f4 Bb2 33. Rc7 Rf8
34. Bc5 Rxf7 35. b6 1-0

[Event "National interclub championship"]
[Site "Eupen"]
[Date "1997.10.19"]
[Round "2"]
[White "Thirion, Marcel"]
[Black "Meessen, Rudolf"]
[Result "1/2-1/2"]
[WhiteElo "2200"]
[BlackElo "2310"]
[Board "4"]
[WhiteTeam "SK Eupen '47"]
[BlackTeam "SK Rochade Eupen"]
[PlyCount "110"]
[EventDate "1997.10.05"]
[Source "BelgaBase"]

1. e4 e6 2. d4 d5 3. Nc3 Bb4 4. Nge2 dxe4 5. a3 Bxc3+ 6. Nxc3 Nc6 7. Bb5 Nge7
8. Bg5 f6 9. Be3 O-O 10. Qd2 f5 11. O-O-O e5 12. d5 Nd4 13. Bxd4 exd4 14. Qxd4
Qd6 15. Bc4 a6 16. f3 exf3 17. gxf3 Bd7 18. h4 b5 19. Ba2 Kh8 20. h5 Rf6 21.
Ne2 Rd8 22. f4 Ng8 23. Ng3 Bc8 24. b4 Nh6 25. Rhe1 Ng4 26. Rd2 Bb7 27. Rde2 Qf8
28. Re7 Bxd5 29. Bxd5 c6 30. Qb6 cxd5 31. Qxd8 Qxd8 32. Re8+ Rf8 33. Rxd8 Rxd8
34. Nxf5 Nf6 35. Ng3 Re8 36. Rxe8+ Nxe8 37. Kd2 Nd6 38. Kd3 Nc4 39. Kd4 Kg8 40.
c3 Nxa3 41. Kxd5 Kf7 42. Ne4 Nc4 43. Nc5 a5 44. bxa5 Nxa5 45. Ne4 h6 46. f5 Nc4
47. Kc5 Ne3 48. Nd6+ Ke7 49. Kc6 Nd1 50. Nxb5 Kf6 51. c4 Ne3 52. c5 Nxf5 53.
Kd7 Ne7 54. Nd6 g6 55. Ne4+ Kf7 1/2-1/2

[Event "National interclub championship"]
[Site "Eupen"]
[Date "1997.10.19"]
[Round "2"]
[White "Sonntag, Hans Hubert"]
[Black "Timmermans, Ivo"]
[Result "1-0"]
[WhiteElo "2365"]
[BlackElo "2225"]
[Board "5"]
[WhiteTeam "SK Rochade Eupen"]
[BlackTeam "SK Eupen '47"]
[WhiteTitle "IM"]
[PlyCount "81"]
[EventDate "1997.10.05"]
[Source "BelgaBase"]

1. d4 Nf6 2. Nf3 e6 3. Bf4 c5 4. e3 b6 5. a4 cxd4 6. exd4 Nc6 7. Nbd2 Be7 8. c3
a5 9. Bb5 Ba6 10. Bxa6 Rxa6 11. O-O O-O 12. Qe2 Ra7 13. Nc4 Nd5 14. Bd6 Bxd6
15. Nxd6 Qe7 16. Nb5 Rb7 17. Ne5 Na7 18. Nxa7 Rxa7 19. Qb5 Qd6 20. Rfe1 Rd8 21.
Rad1 Nc7 22. Qb3 Rb8 23. c4 Na6 24. d5 Qb4 25. Qxb4 Nxb4 26. dxe6 dxe6 27. Nd7
Rbb7 28. Nxb6 g6 29. Nc8 Ra8 30. Nd6 Rb6 31. Nb5 Rc6 32. b3 Na6 33. Re3 Nc5 34.
Kf1 f6 35. Ke2 Kf7 36. Nd6+ Ke7 37. Ne4 Na6 38. g4 Ra7 39. Rh3 h5 40. gxh5 gxh5
41. Rxh5 1-0

[Event "National interclub championship"]
[Site "Eupen"]
[Date "1997.10.19"]
[Round "2"]
[White "Schumacher, Helmut"]
[Black "Coenen, Norbert"]
[Result "0-1"]
[WhiteElo "2190"]
[BlackElo "2335"]
[Board "6"]
[WhiteTeam "SK Eupen '47"]
[BlackTeam "SK Rochade Eupen"]
[BlackTitle "FM"]
[PlyCount "106"]
[EventDate "1997.10.05"]
[Source "BelgaBase"]

1. d4 Nf6 2. Nc3 d5 3. Bg5 Bf5 4. e3 e6 5. Bd3 Bxd3 6. Qxd3 c5 7. dxc5 Bxc5 8.
Nf3 Nbd7 9. O-O O-O 10. e4 dxe4 11. Nxe4 Be7 12. Nxf6+ Nxf6 13. Qxd8 Rfxd8 14.
Rfd1 h6 15. Bf4 Nd5 16. Bg3 Nb4 17. c3 Nd3 18. Rd2 Bf6 19. Kf1 Nxb2 20. Rxb2
Bxc3 21. Rab1 Bxb2 22. Rxb2 b6 23. Ke2 Rac8 24. Nd2 Rd5 25. f3 f6 26. Nf1 Rc3
27. Ne3 Rd4 28. Be1 Rc5 29. Bd2 Kf7 30. Nd1 Re5+ 31. Kf2 Rc4 32. Ne3 Ra4 33.
Nc2 h5 34. a3 g5 35. Rb4 Rxb4 36. axb4 a5 37. bxa5 bxa5 38. Na3 a4 39. Bb4 g4
40. h3 gxh3 41. gxh3 Kg6 42. h4 Kf5 43. Nc2 Kg6 44. Nd4 Kf7 45. Nc2 Rd5 46. Kg3
Rd3 47. Na3 e5 48. Kg2 Rd4 49. Be1 Kg6 50. Bf2 Rd2 51. Kg3 Rd3 52. Bc5 Kf5 53.
Kf2 Kf4 0-1

[Event "National interclub championship"]
[Site "Leuven"]
[Date "1997.10.19"]
[Round "2"]
[White "Pelle, Guillaume"]
[Black "Van Mechelen, Jan"]
[Result "0-1"]
[WhiteElo "2180"]
[BlackElo "2240"]
[Board "4"]
[WhiteTeam "L'Échiquier du Grand-Mons"]
[BlackTeam "LV Leuven"]
[BlackTitle "FM"]
[PlyCount "116"]
[EventDate "1997.10.05"]
[Source "BelgaBase"]

1. e4 c5 2. Nf3 d6 3. d4 cxd4 4. Nxd4 Nf6 5. Nc3 a6 6. Bc4 e6 7. Bb3 b5 8. O-O
b4 9. Na4 Bd7 10. Be3 Nc6 11. f4 Rb8 12. c3 Be7 13. cxb4 Rxb4 14. Bc2 O-O 15.
b3 Nxd4 16. Bxd4 Bc6 17. Nc3 Qa8 18. a3 Rbb8 19. Qe2 Rfd8 20. Rf3 Rbc8 21. Rg3
e5 22. fxe5 dxe5 23. Bxe5 Qa7+ 24. Kh1 Qc5 25. Bf4 Nh5 26. Qe3 Qxe3 27. Bxe3
Nxg3+ 28. hxg3 Bb7 29. Bb6 Rd2 30. Bd1 Rxc3 31. Ba5 Rcd3 32. Bxd2 Rxd2 33. Bf3
Bf6 34. Rc1 Be5 35. Rc5 f6 36. b4 Bxg3 37. Bh5 g6 38. Bg4 f5 39. exf5 Bxg2+ 40.
Kg1 Bf2+ 41. Kxg2 Bxc5+ 42. Kf3 Bd6 43. fxg6 hxg6 44. Ke4 Kf7 45. Bc8 g5 46.
Bxa6 g4 47. Bc8 g3 48. Bh3 g2 49. Bxg2 Rxg2 50. Kd5 Ke7 51. Kc6 Ra2 52. b5 Rxa3
53. b6 Ra8 54. b7 Rb8 55. Kb6 Kd7 56. Ka6 Kc7 57. Ka7 Rxb7+ 58. Ka6 Rb4 0-1

[Event "National interclub championship"]
[Site "Leuven"]
[Date "1997.10.19"]
[Round "2"]
[White "Craps, Ben"]
[Black "Pouvreau, David"]
[Result "1/2-1/2"]
[WhiteElo "2185"]
[BlackElo "2045"]
[Board "5"]
[WhiteTeam "LV Leuven"]
[BlackTeam "L'Échiquier du Grand-Mons"]
[PlyCount "82"]
[EventDate "1997.10.05"]
[Source "BelgaBase"]

1. d4 Nf6 2. Nf3 g6 3. Bg5 Ne4 4. Bf4 c5 5. Nbd2 Qa5 6. c3 Nxd2 7. Qxd2 cxd4 8.
cxd4 Qxd2+ 9. Bxd2 Bg7 10. e4 b6 11. Rc1 O-O 12. b4 Bb7 13. Bd3 Rc8 14. O-O Nc6
15. Bc3 d6 16. a4 Nb8 17. Bd2 Nd7 18. Rfe1 Rxc1 19. Rxc1 Rc8 20. Rxc8+ Bxc8 21.
Bb5 Nb8 22. Bc3 Bd7 23. Bxd7 Nxd7 24. Nd2 Kf8 25. f3 Ke8 26. Kf2 Kd8 27. Ke2
Kc7 28. g4 e6 29. Nc4 d5 30. exd5 exd5 31. Ne3 Kd6 32. f4 a6 33. b5 axb5 34.
axb5 Nf6 35. Bb4+ Ke6 36. f5+ gxf5 37. Nxf5 Ne8 38. Be7 Bf6 39. Bxf6 Nxf6 40.
Ne3 Ne4 41. Nd1 f5 1/2-1/2

[Event "National interclub championship"]
[Site "Antwerp"]
[Date "1997.10.19"]
[Round "2"]
[White "Soetewey, Steven"]
[Black "Van Beers, Eddy"]
[Result "0-1"]
[WhiteElo "2180"]
[BlackElo "2275"]
[Board "5"]
[WhiteTeam "SK Moretus Hoboken"]
[BlackTeam "OSK Tessenderlo"]
[PlyCount "65"]
[EventDate "1997.10.05"]
[Source "BelgaBase"]

1. d4 f5 2. e4 fxe4 3. Nc3 Nf6 4. Bg5 Nc6 5. f3 e3 6. d5 Ne5 7. Qd4 Nf7 8. h4
c6 9. O-O-O Qa5 10. Bxe3 cxd5 11. Nxd5 Nxd5 12. Qxd5 Qxd5 13. Rxd5 b6 14. Nh3
Bb7 15. Rd1 Rc8 16. Bb5 Nd6 17. Bd3 e6 18. Ng5 h6 19. Bg6+ Kd8 20. Nf7+ Nxf7
21. Bxf7 Bd5 22. Rxd5 exd5 23. Bxd5 Bc5 24. Bf4 Rf8 25. g3 Be7 26. Rd1 g5 27.
Be5 Bf6 28. Bd6 Re8 29. hxg5 hxg5 30. Be4 g4 31. Bf4 Rc5 32. c3 Bg5 33. Kc2 0-1

[Event "National interclub championship"]
[Site "Antwerp"]
[Date "1997.10.19"]
[Round "2"]
[White "Croonenborghs, Tom"]
[Black "Talon, Alain"]
[Result "0-1"]
[WhiteElo "2155"]
[BlackElo "2110"]
[Board "8"]
[WhiteTeam "OSK Tessenderlo"]
[BlackTeam "SK Moretus Hoboken"]
[PlyCount "56"]
[EventDate "1997.10.05"]
[Source "BelgaBase"]

1. e4 c5 2. c3 d5 3. exd5 Qxd5 4. d4 Nf6 5. Be3 cxd4 6. cxd4 g6 7. Nc3 Qd8 8.
Bc4 Bg7 9. Nf3 O-O 10. O-O Nbd7 11. Bb3 Nb6 12. Ne5 Nbd5 13. Qf3 Be6 14. Bg5
Qa5 15. Bxf6 exf6 16. Bxd5 Bxd5 17. Nxd5 fxe5 18. b4 Qa4 19. dxe5 Bxe5 20. Rae1
Bg7 21. Re7 Qxa2 22. Rxb7 a5 23. Nb6 Rad8 24. Ra7 Qb2 25. bxa5 Bd4 26. Rb7 Qa2
27. Nd7 Rfe8 28. Qf4 Qd5 0-1

[Event "National interclub championship"]
[Site "Belgique"]
[Date "1997.11.02"]
[Round "3"]
[White "Bolzoni, Victor-Angel"]
[Black "Cools, Gorik"]
[Result "0-1"]
[WhiteElo "2290"]
[BlackElo "2300"]
[Board "1"]
[WhiteTeam "CRÉ Brussels"]
[BlackTeam "SK Moretus Hoboken"]
[WhiteTitle "FM"]
[PlyCount "70"]
[EventDate "1997.10.05"]
[Source "BelgaBase"]

1. e4 c5 2. Nf3 d6 3. Bc4 Nf6 4. Qe2 Nc6 5. h3 g6 6. c3 Bg7 7. Bb3 e5 8. Na3
O-O 9. O-O d5 10. exd5 Nxd5 11. Qc4 Nf4 12. Qxc5 e4 13. Ng5 Bf5 14. Nxf7 Rxf7
15. Bxf7+ Kxf7 16. d4 Ne2+ 17. Kh1 Nxc1 18. Raxc1 Bh6 19. Rc2 Qh4 20. Kg1 Bf4
21. Re2 Re8 22. Nc4 Bxh3 23. gxh3 Qxh3 24. f3 exf3 25. Qd5+ Kg7 26. Rxf3 Qg4+
27. Rg2 Qh4 28. Rf1 Rf8 29. Qd7+ Rf7 30. Qe6 g5 31. Rff2 Re7 32. Qd5 h6 33. Nd6
Re1+ 34. Rf1 Be3+ 35. Rgf2 Qxf2+ 0-1